Osos de tierra llanera oso palmero Mymecophaga tridactyla (Registro nro. 5900)

Detalles MARC
000 -CABECERA
Campo de control 00844nam a2200265 a 4500
005 - FECHA Y HORA DE LA ULTIMA TRANSACCION
Campo de control 20160414020002.0
008 - ELEMENTOS DE LONGITUD FIJA—INFORMACION GENERAL
Campo de control 160109b xxua gr|||| 00| 0 spa d
040 ## - FUENTE DE CATALOGACIÓN
Agencia catalogadora original CO-BoIAVH
Agencia transcriptora CO-BoIAVH
041 ## - IDIOMA
Código de idioma para texto/pista de sonido o título separado Español
082 #4 - NUMERO DE CLASIFICACION DECIMAL DEWEY
Número de clasificación 599.314
Número del ítem C33o
090 ## - CLASIFICACIÓN LOCAL
Colección LB
Consecutivo 05091
100 1# - ASIENTO PRINCIPAL--NOMBRE PERSONAL
Nombre personal Casas Martínez, Patricia Calorina
245 1# - MENCION DE TITULO
Título Osos de tierra llanera oso palmero Mymecophaga tridactyla
260 ## - PUBLICACION, DISTRIBUCION, ETC. (PIE DE IMPRENTA)
Lugar de publicación, distribución, etc. Villavicencio
Nombre del editor, distribuidor, etc. CORMACARENA
Fecha de publicación, distribución, etc. 2000?
300 ## - DESCRIPCION FISICA
Extensión 22 paginas.
Otros detalles físicos ilustraciones;
Dimensiones 27 x 20 cm
650 #4 - ASIENTO SECUNDARIO DE MATERIA - TERMINO TEMATICO
Término temático o nombre geográfico como elemento de entrada Oso palmero
650 #4 - ASIENTO SECUNDARIO DE MATERIA - TERMINO TEMATICO
Término temático o nombre geográfico como elemento de entrada Protecion
650 #4 - ASIENTO SECUNDARIO DE MATERIA - TERMINO TEMATICO
Término temático o nombre geográfico como elemento de entrada Conservación
650 #4 - ASIENTO SECUNDARIO DE MATERIA - TERMINO TEMATICO
Término temático o nombre geográfico como elemento de entrada Habitat
Subdivisión general Oso Palmero
Subdivisión geográfica Llano
650 #4 - ASIENTO SECUNDARIO DE MATERIA - TERMINO TEMATICO
Término temático o nombre geográfico como elemento de entrada Comportamiento
Subdivisión general Oso Palmero
Subdivisión geográfica Llano
650 #4 - ASIENTO SECUNDARIO DE MATERIA - TERMINO TEMATICO
Término temático o nombre geográfico como elemento de entrada mammals
700 1# - ASIENTO SECUNDARIO - NOMBRE PERSONAL
Nombre personal OjedaHolguín, Sol Angela
942 ## - ELEMENTOS ADICIONALES (KOHA)
Tipo de ítem Libro
Sistema de clasificación Dewey Decimal Classification
Koha issues (borrowed), all copies 1
945 ## - PROCESAMIENTO LOCAL
AAAA-MM-DD - Fecha de ingreso o modificacion 2007-10-24
Existencias
Withdrawn status Lost status Sistema de Clasificación Damaged status No para préstamo Colección Inventariado Ubicación Permanente Ubicación actual Fecha de adquisición Fuente de Valor Valor Total Checkouts Número topográfico Inventario / Código de Barras Date last seen Date checked out Ejemplar Price effective from Forma de adquisición Tipo de material
    Dewey Decimal Classification     General Inventariado 2017 Bogotá Bogotá 29/10/2007 Instituto 39000.00 1 LB-599.314 C33o 025393 13/04/2016 13/04/2016 Ej.1 04/12/2012   Libro